04470nam a2200373 a 4500003000500000005001700005007000300022008004100025020002200066040002300088050002200111082002600133245009100159250001700250264004100267300007400308336002700382337002700409338002800436490004200464505125200506520203701758650002403795650004103819650002403860650002703884650003203911650001703943650001703960650002003977700002803997700002904025830004204054CHAP20230509121045.0ta230509s2018 -usado|fr|||| 001 0 eng d a978-1-4987-5459-0 amxchpuacCHAPerda10aTS1960b.A38 201800a664.907bA38 201822010aAdvanced technologies for meat processing /ceditores Fidel Toldrá y Leo M.L. Nollet a2a edición aBoca Raton, FL. :bCRC Press, c2018 axvi, 705 pages :bilustraciones, gráficas, diagramas, tablas, fotos 2rdacontentatextobtxt 2rdamediaasin mediobn 2rdacarrieravolumenbnc1 aFood science & technology (CRC Press)0 aBioengineering of Farm Animals: Meat Quality and Safety. -- Gene Technology for Meat Quality. -- Automation for the Modern Slaughterhouse. -- New Spectroscopic Techniques for Online Monitoring of Meat Quality. -- Hyperspectral Imaging Technique for Online Monitoring of Meat Quality and Safety. -- Raman spectroscopy for predicting meat tenderness. -- Real-Time PCR for the Detection of Pathogens in Meat. -- Nanotechnology-based sensors for pathogens detection. -- Meat Decontamination by Irradiation. -- Advances in High Hydrostatic Pressure to Meat and Meat Processing. -- Hydrodynamic Pressure Processing to Improve Meat Quality and Safety. -- Functional Properties of Bioactive Peptides Derived From Meat Proteins. -- New Approaches for the Development of Functional Meat Products. -- Salt reduction in processed meats. -- Fat reduction in processed meats. -- Processing of Nitrite-Free Cured Meats. -- Proteomic tools for Improved Processing of Dry-Cured Meats. -- Nutrigenomics in animal feed and nutrition. -- The Use of Bacteriocins Against Meat-Borne Pathogens. -- Latest Developments in Meat Bacterial Starters. -- Nanotechnology-based packaging materials for processed meats. -- Reduction in contaminants generation in processed meats.2 aAs with the first edition, the main goal of Advanced Technologies for Meat Processing is to provide the reader with recent developments in new advanced technologies for the full meat- processing chain. This book is written by distinguished international contributors with recognized expertise and excellent reputations, and brings together all the advances in a wide and varied number of technologies that are applied in different stages of meat processing. This second edition contains 21 chapters, combining updated and revised versions of several chapters with entirely new chapters that deal with new online monitoring techniques like hyperspectral imaging and Raman spectroscopy, the use of nanotechnology for sensor devices or new packaging materials and the application of omics technologies like nutrigenomics and proteomics for meat quality and nutrition.  The book starts with the control and traceability of genetically modified farm animals, followed by four chapters reporting the use of online non-destructive monitoring techniques like hyperspectral imaging and Raman spectroscopy, real-time PCR for pathogens detection, and nanotechnology-based sensors. Then, five chapters describe different advanced technologies for meat decontamination, such as irradiation, hydrostatic and hydrodynamic pressure processing, other non-thermal technologies, and the reduction in contaminants generation. Nutrigenomics in animal nutrition and production is the object of a chapter that is followed by five chapters dealing with nutritional-related issues like bioactive peptides, functional meats, fat and salt reduction, processing of nitrite-free products, and the use of proteomics for the improved processing of dry-cured meats. The last four chapters are reporting the latest developments in bacteriocins against meat-borne pathogens, the functionality of bacterial starters, modified atmosphere packaging and the use of new nanotechnology-based materials for intelligent and edible packaging.13aCalidad de la carne13aIndustria del ganado y de la carne 13aCiencia de la carne13aProductos cárnicos 13aLivestock and meat industry13aMeat quality13aMeat science13aMeat products 1 aToldrá, Fideleeditor1 aNollet, Leo M.L.eeditor 0aFood science & technology (CRC Press)